Anem al teatre : el Maresme : educació infantil, primària i secundària : l'oferta de la Diputació de Barcelona i del teu Ajuntament : el Maresme : educació infantil, primària i secundària : l'oferta de la Diputació de Barcelona i del teu Ajuntament :
Descripción Física:
Volums : il·lustracions ; 24 cm
Materias:
Teatre -- Maresme (Catalunya) -- Guies
; Música -- Maresme (Catalunya) -- Guies
; Dansa -- Maresme (Catalunya) -- Guies
; Cultura i lleure -- Maresme (Catalunya)
Idioma:
Catalán
MARC
| LEADER | 00000nam a2200000Ia 4500 | ||
|---|---|---|---|
| 001 | 17882, 17681, 19437, 21691, 22943, 23219, 24029, 25996, 26003, 26007 | ||
| 003 | Arxiu | ||
| 005 | 20260324181511.0 | ||
| 008 | 160829s2005 spca xx cat c | ||
| 017 | |a DL B 16679-2016 | ||
| 017 | |a DL B 13522-2018 | ||
| 017 | |a DL B 14346-2019 | ||
| 040 | |a AGDB | ||
| 080 | |a FU-2-43, FU-15-1, FU-6-32, FU-43-38, FU-56-80, FU-59-64, FU-64-5 | ||
| 080 | |a FU-71-14 | ||
| 080 | |a FU-71-22 | ||
| 080 | |a FU-71-25 | ||
| 245 | 0 | 0 | |a Anem al teatre : |b el Maresme : educació infantil, primària i secundària : l'oferta de la Diputació de Barcelona i del teu Ajuntament : |
| 246 | 3 | 3 | |a Anem al teatre : |b el Maresme : teatre, música i dansa per a educació infantil i primària : l'oferta de la Diputació de Barcelona i del vostre Ajuntament |
| 260 | |a Barcelona : |b Diputació de Barcelona. Àrea de Cultura. Àrea d'Educació, |c 2005- | ||
| 300 | |a Volums : |b il·lustracions ; |c 24 cm | ||
| 310 | |a Anual | ||
| 490 | 1 | |a Anem al teatre | |
| 500 | |a A partir de 2018: Anem al teatre : educació infantil, primària i secundària : l'oferta de la Diputació de Barcelona i del teu Ajuntament | ||
| 500 | |a A la portada: Arts escèniques i musicals | ||
| 590 | |a A la portada: Ajuntaments del Maresme A partir de 2016, editat per Diputació de Barcelona. Àrea de Cultura, Educació i Esports i Ajuntaments del Maresme | ||
| 650 | 0 | |a Teatre |9 49125 |z Maresme (Catalunya) |v Guies | |
| 650 | 0 | |a Música |9 49126 |z Maresme (Catalunya) |v Guies | |
| 650 | 0 | |a Dansa |9 49127 |z Maresme (Catalunya) |v Guies | |
| 650 | 0 | |a Cultura i lleure |9 49128 |z Maresme (Catalunya) | |
| 710 | |9 8009 |a Barcelona (Catalunya : Província). |b Àrea d'Educació | ||
| 710 | 1 | |9 53536 |a Barcelona (Catalunya : Província). |b Àrea de Cultura | |
| 710 | 1 | |a Barcelona (Catalunya : Província). |b Àrea de Cultura, Educació i Esports |9 52666 | |
| 830 | 0 | |9 56316 |a Anem al teatre (Barcelona (Catalunya : Província). Diputació) | |
| 866 | |a 2005-2006 (6a ed.), 2006-2007 (7a ed.), 2007-2008 (8a ed.), 2008-2009 (9a ed.), 2010-2011 (11a ed.), 2011-2012 (12a ed.), 2013-2014 (14a ed.), 2016-17 (17a ed.), 2018-19 (19a ed.), 2019-20 (20a ed.) | ||
| 901 | |a Arxiu | ||
| 942 | |n 1 |2 udc |c ARXIU | ||
| 952 | |0 0 |1 0 |4 0 |7 1 |9 55111 |a Arxiu |b Arxiu |d 2016-12-01 |h 2007-08 (8a ed.) |o FU-6-32 |p 19437 |r 2016-12-01 00:00:00 |w 2016-12-01 |y ARXIU | ||
| 952 | |0 0 |1 0 |4 0 |7 1 |9 62461 |a Arxiu |b Arxiu |d 2022-06-20 |h 2016-17 (17a ed,) |o FU-71-14 |p 25996 |r 2022-06-20 00:00:00 |w 2022-06-20 |y ARXIU | ||
| 952 | |0 0 |1 0 |4 0 |7 1 |9 62469 |a Arxiu |b Arxiu |d 2022-06-20 |h 2018-19 (19a ed.) |o FU-71-21 |p 26003 |r 2022-06-20 00:00:00 |w 2022-06-20 |y ARXIU | ||
| 952 | |0 0 |1 0 |4 0 |6 FU7125 |7 1 |9 62470 |a Arxiu |b Arxiu |d 2022-06-20 |h 2019-20 (20a ed.) |l 0 |o FU-71-25 |p 26007 |r 2022-06-20 00:00:00 |w 2022-06-20 |y ARXIU | ||
| 952 | |0 0 |1 0 |4 0 |7 1 |9 65656 |a Arxiu |b Arxiu |d 2023-03-15 |h 2006-07 (7a ed.) |o FU-15-1 |p 17681 |r 2023-03-15 00:00:00 |w 2023-03-15 |y ARXIU | ||
| 952 | |0 0 |1 0 |4 0 |6 FU4338 |7 1 |9 65992 |a Arxiu |b Arxiu |d 2023-04-05 |h 2008-09 (9a ed.) |l 0 |o FU-43-38 |p 21691 |r 2023-04-05 00:00:00 |w 2023-04-05 |y ARXIU | ||
| 952 | |0 0 |1 0 |4 0 |6 FU5680 |7 1 |9 66088 |a Arxiu |b Arxiu |d 2023-04-13 |h 2010-11 (11a ed.) |l 0 |o FU-56-80 |p 22943 |r 2023-04-13 00:00:00 |w 2023-04-13 |y ARXIU | ||
| 952 | |0 0 |1 0 |4 0 |6 FU5964 |7 1 |9 66110 |a Arxiu |b Arxiu |d 2023-04-13 |h 2011-12 (12a ed.) |l 0 |o FU-59-64 |p 23219 |r 2023-04-13 00:00:00 |w 2023-04-13 |y ARXIU | ||
| 952 | |0 0 |1 0 |4 0 |6 FU645 |7 1 |9 66155 |a Arxiu |b Arxiu |d 2023-04-18 |h 2013-14 (14a ed.) |l 0 |o FU-64-5 |p 24029 |r 2023-04-18 00:00:00 |w 2023-04-18 |y ARXIU | ||
| 952 | |0 0 |1 0 |4 0 |6 FU243 |7 1 |9 66202 |a Arxiu |b Arxiu |d 2023-04-27 |h 2005-06 (6a ed.) |l 0 |o FU-2-43 |p 17882 |r 2023-04-27 00:00:00 |w 2023-04-27 |y ARXIU | ||
| 999 | |c 58983 |d 58983 | ||